Отражение ментальной традиции в социальных отношениях японцев; Молодой ученый; № 10
| Parent link: | Молодой ученый: ежемесячный научный журнал.— , 2008- № 10.— 2015.— [С. 1503-1505] |
|---|---|
| Auteur principal: | |
| Collectivité auteur: | |
| Résumé: | Заглавие с экрана Рассмотрены особенности ментальной традиции японского этноса. Раскрыты основные механизмы регуляции поведения японцев с учетом специфики их национального характера. Изучены основные аспекты человеческих взаимоотношений внутри японского социума, в частности семейные отношения между родителями и детьми, между супругами, а также взаимодействие руководителя и подчиненных в сфере деловых отношений. |
| Langue: | russe |
| Publié: |
2015
|
| Sujets: | |
| Accès en ligne: | http://www.moluch.ru/archive/90/18629/ |
| Format: | Électronique Chapitre de livre |
| KOHA link: | https://koha.lib.tpu.ru/cgi-bin/koha/opac-detail.pl?biblionumber=641804 |
MARC
| LEADER | 00000naa0a2200000 4500 | ||
|---|---|---|---|
| 001 | 641804 | ||
| 005 | 20250403134434.0 | ||
| 035 | |a (RuTPU)RU\TPU\network\6721 | ||
| 090 | |a 641804 | ||
| 100 | |a 20150603d2015 k||y0rusy50 ca | ||
| 101 | 0 | |a rus | |
| 102 | |a RU | ||
| 135 | |a drcn ---uucaa | ||
| 181 | 0 | |a i | |
| 182 | 0 | |a b | |
| 200 | 1 | |a Отражение ментальной традиции в социальных отношениях японцев |f Ю. В. Понаморёва | |
| 203 | |a Текст |c электронный | ||
| 300 | |a Заглавие с экрана | ||
| 320 | |a [Библиогр.: с. 1505 (3 назв.)] | ||
| 330 | |a Рассмотрены особенности ментальной традиции японского этноса. Раскрыты основные механизмы регуляции поведения японцев с учетом специфики их национального характера. Изучены основные аспекты человеческих взаимоотношений внутри японского социума, в частности семейные отношения между родителями и детьми, между супругами, а также взаимодействие руководителя и подчиненных в сфере деловых отношений. | ||
| 461 | |t Молодой ученый |o ежемесячный научный журнал |d 2008- | ||
| 463 | |t № 10 |v [С. 1503-1505] |d 2015 | ||
| 610 | 1 | |a электронный ресурс | |
| 610 | 1 | |a труды учёных ТПУ | |
| 610 | 1 | |a ментальность | |
| 610 | 1 | |a национальный характер | |
| 610 | 1 | |a этнокультурные традиции | |
| 610 | 1 | |a социализация | |
| 610 | 1 | |a традиционализм | |
| 610 | 1 | |a патриархальность | |
| 700 | 1 | |a Понаморёва |b Ю. В. |c лингвист, специалист по учебно-методической работе |c документовед Томского политехнического университета |f 1986- |g Юлия Викторовна |3 (RuTPU)RU\TPU\pers\34199 |9 17733 | |
| 712 | 0 | 2 | |a Национальный исследовательский Томский политехнический университет (ТПУ) |b Институт кибернетики (ИК) |b Кафедра иностранных языков института кибернетики (ИЯИК) |3 (RuTPU)RU\TPU\col\18707 |
| 801 | 2 | |a RU |b 63413507 |c 20150603 |g RCR | |
| 856 | 4 | 0 | |u http://www.moluch.ru/archive/90/18629/ |
| 942 | |c CF | ||